নাট্য ভারতী : (Record no. 63456)
[ view plain ]
| 000 -LEADER | |
|---|---|
| fixed length control field | 01061nam a2200241 a 4500 |
| 001 - CONTROL NUMBER | |
| control field | 63456 |
| 003 - CONTROL NUMBER IDENTIFIER | |
| rucl marc code | BD-RjUL |
| 005 - DATE AND TIME OF LATEST TRANSACTION | |
| control field | 20211209081211.0 |
| 008 - FIXED-LENGTH DATA ELEMENTS--GENERAL INFORMATION | |
| fixed length control field | 170130s1997 ii ||||| |||| 00| d ben d |
| 020 ## - INTERNATIONAL STANDARD BOOK NUMBER | |
| Terms of availability | : Tk. 30.00 |
| 035 ## - SYSTEM CONTROL NUMBER | |
| System control number | (BD-RjUL)63585 |
| 040 ## - CATALOGING SOURCE | |
| Original cataloging agency | BD-RjUL |
| Language of cataloging | ben |
| Transcribing agency | BD-RjUL |
| 041 ## - LANGUAGE CODE | |
| Language code of text/sound track or separate title | ben |
| 082 ## - DEWEY DECIMAL CLASSIFICATION NUMBER | |
| Edition number | 23 |
| Classification number | 891.2209 |
| Author mark and year | GON 1997 |
| 100 ## - MAIN ENTRY--PERSONAL NAME | |
| Personal name | গোপ, যুধিষ্ঠির |
| 9 (RLIN) | 186593 |
| 245 10 - TITLE STATEMENT | |
| Title | নাট্য ভারতী : |
| Remainder of title | ( সাহিত্যদর্পণের ষষ্টপরিচ্ছেদ অবলম্বনে ) / |
| Statement of responsibility, etc. | যুধিষ্ঠির গোপ |
| 260 ## - PUBLICATION, DISTRIBUTION, ETC. (IMPRINT) | |
| Place of publication, distribution, etc. | কলিকাতা : |
| Name of publisher, distributor, etc. | সংস্কৃত পুস্তক ভাণ্ডার, |
| Date of publication, distribution, etc. | ১৯৯৭ (১৪০৪) |
| 300 ## - PHYSICAL DESCRIPTION | |
| Pagination | xii, ৬৬ পৃ. ; |
| Size | ২৩ সেমি. |
| 504 ## - BIBLIOGRAPHY, ETC. NOTE | |
| Bibliography, etc | গ্রন্থপঞ্জি সংযুক্ত |
| 650 ## - SUBJECT ADDED ENTRY--TOPICAL TERM | |
| Topical term or geographic name as entry element | সংস্কৃত নাটক |
| General subdivision | ইতিহাস ও সমালোচনা |
| 9 (RLIN) | 184846 |
| Topical term or geographic name as entry element | Sanskrit Drama |
| General subdivision | History and Criticism |
| 9 (RLIN) | 186922 |
| 942 ## - ADDED ENTRY ELEMENTS (KOHA) | |
| Source of classification or shelving scheme | Dewey Decimal Classification |
| Koha item type | Books |
| Lost status | Source of classification or shelving scheme | Damaged status | Not for loan | Collection code | Permanent Location | Current Location | Shelving location | Date acquired | Source of acquisition | Total Checkouts | Full call number | Date last seen | Copy number | Koha item type |
|---|---|---|---|---|---|---|---|---|---|---|---|---|---|---|
| Dewey Decimal Classification | Not For Loan | Non-fiction | Central Library, University of Rajshahi | Central Library, University of Rajshahi | Reading Room | 16/04/2008 | Shamsul mRahman | B 891.2209 GON 1997 | 30/01/2017 | C-1 | Books |